LEADER 06047nam 22007575 450 001 9910739472903321 005 20251009083525.0 010 $a9783031340598 010 $a3031340590 024 7 $a10.1007/978-3-031-34059-8 035 $a(MiAaPQ)EBC30684906 035 $a(Au-PeEL)EBL30684906 035 $a(DE-He213)978-3-031-34059-8 035 $a(CKB)27973048800041 035 $a(OCoLC)1394681007 035 $a(EXLCZ)9927973048800041 100 $a20230811d2023 u| 0 101 0 $aeng 135 $aurcnu|||||||| 181 $ctxt$2rdacontent 182 $cc$2rdamedia 183 $acr$2rdacarrier 200 10$aGlobal, Regional and Local Perspectives on the Economies of Southeastern Europe $eProceedings of the 14th International Conference on the Economies of the Balkan and Eastern European Countries (EBEEC) in Florence, Italy, 2022 /$fedited by Niccolò Persiani, Ilaria Elisa Vannini, Martina Giusti, Anastasios Karasavvoglou, Persefoni Polychronidou 205 $a1st ed. 2023. 210 1$aCham :$cSpringer Nature Switzerland :$cImprint: Springer,$d2023. 215 $a1 online resource (359 pages) 225 1 $aSpringer Proceedings in Business and Economics,$x2198-7254 311 08$aPrint version: Persiani, Niccolò Global, Regional and Local Perspectives on the Economies of Southeastern Europe Cham : Springer,c2023 9783031340581 327 $aPublic Administration/Governance and the Economies of Southeastern Europe -- Greek Political Economy in the Post-crisis Period 2010?2019 -- Social Capital and Income Inequality in OECD Countries: Casuality Evidence -- The Jungle of Sustainability Frameworks and Standards: Evidence from European Listed Companies -- The Social Return on Investment (SROI) for Evaluation of the Impact in International Cooperation Health Project in Albania: A Case Study -- The Transformation of EU'S MU to a Real EMU as a Need for Addressing Crises -- MNEs Institutional Entrepreneurship: The Effect on Corruption. An Analysis of Emerging Economies -- Innovation and Skills Requirements in Post-transition Economies -- Managing Labor Relations in Greek Hospitals?A Nursing Approach -- Statistical Arbitrage Using Cointegration and Principal Component Analysis Approach -- Assessing Relationship Between Entrepreneurship Education and Business Growth -- Innovation Policy to Solve Convergence Challenge for the Eastern European and Balkan Countries -- Evaluation of the Operation of a Social Cooperative Enterprise and Comparison with an ?Ordinary? Enterprise of the Private Sector in Greece -- The R&D Effect on Firm Value in the Information Technology Industry -- Business Growth and Development in Southeastern Europe Investigating Financial Challenges Facing Enterprises: Evidence from Albania -- The Recognition and Impact of Dynamic Pricing with ESL Technology on the Purchase Decision of Consumers in Stationary Grocery Stores: Current Findings and Experiment -- The Impact of Quantitative Easing on Stock Market: Evidence from Greece -- Pest Analysis of the E-commerce Industry: The Case of Greece -- Bibliometric Analysis of Migration-Tourism-Terrorism Nexus -- Health Care and the Implementation of Public-Private Partnership (PPP) Instruments in Transition Balkan Countries -- The Relationship Between Financing Decision of SMES and Their Performance -- Service-Dominant Logic: The Road Map to Value Co-Creation in Place Marketing -- Degree of Personal Income Taxation Convergence in the Eurozone. 330 $aThis book includes papers presented at the 14th International Conference ?Economies of the Balkan and Eastern European Countries? (EBEEC), held in Florence, Italy, in May 2022. It sheds new light on the micro- and macroeconomic developments in the Eastern European and Balkan countries, taking into account also the broader regional and global factors influencing these developments. In particular, it includes the latest theoretical and empirical research and policy insights from Central and Southeastern Europe and presents new ideas on how to resolve economic problems, also generated by the pandemic, in the Balkan and Eastern European economies in a pan-European context. By examining how the decisions and the performance of economic, social, and political actors in the area are intertwined with wider events, also at a global level, the papers highlight the dynamic development in Eastern Europe and the Balkans region. Further, the book demonstrates how the area is evolving within the framework of European economic integration and the global effervescent economy. 410 0$aSpringer Proceedings in Business and Economics,$x2198-7254 606 $aEconomic development 606 $aEntrepreneurship 606 $aNew business enterprises 606 $aMacroeconomics 606 $aInternational business enterprises 606 $aFinance 606 $aEconomic Development, Innovation and Growth 606 $aEntrepreneurship 606 $aMacroeconomics and Monetary Economics 606 $aInternational Business 606 $aFinancial Economics 615 0$aEconomic development. 615 0$aEntrepreneurship. 615 0$aNew business enterprises. 615 0$aMacroeconomics. 615 0$aInternational business enterprises. 615 0$aFinance. 615 14$aEconomic Development, Innovation and Growth. 615 24$aEntrepreneurship. 615 24$aMacroeconomics and Monetary Economics. 615 24$aInternational Business. 615 24$aFinancial Economics. 676 $a330.9496 700 $aPersiani$b Niccolò$0460837 701 $aVannini$b Ilaria Elisa$01424401 701 $aGiusti$b Martina$01424402 701 $aKarasavvoglou$b Anastasios$01424403 701 $aPolychronidou$b Persefoni$01424404 801 0$bMiAaPQ 801 1$bMiAaPQ 801 2$bMiAaPQ 906 $aBOOK 912 $a9910739472903321 996 $aGlobal, Regional and Local Perspectives on the Economies of Southeastern Europe$93553581 997 $aUNINA LEADER 03748nam 2200733Ia 450 001 9910968803403321 005 20251117010035.0 010 $a1-136-92427-2 010 $a1-136-92428-0 010 $a1-282-78111-1 010 $a9786612781117 010 $a0-203-84502-1 024 7 $a10.4324/9780203845028 035 $a(CKB)2670000000044577 035 $a(EBL)557285 035 $a(OCoLC)664551611 035 $a(SSID)ssj0000413954 035 $a(PQKBManifestationID)11300748 035 $a(PQKBTitleCode)TC0000413954 035 $a(PQKBWorkID)10386021 035 $a(PQKB)11462248 035 $a(MiAaPQ)EBC557285 035 $a(Au-PeEL)EBL557285 035 $a(CaPaEBR)ebr10416540 035 $a(CaONFJC)MIL278111 035 $a(OCoLC)958106971 035 $a(EXLCZ)992670000000044577 100 $a20100222d2010 uy 0 101 0 $aeng 135 $aur|n|---||||| 181 $ctxt 182 $cc 183 $acr 200 00$aChina and Africa development relations /$fedited by Christopher M. Dent 205 $a1st ed. 210 $aAbingdon, Oxon, England ;$aNew York $cRoutledge$d2010 215 $a1 online resource (205 p.) 225 1 $aRoutledge contemporary China series ;$v55 300 $aDescription based upon print version of record. 311 08$a0-415-69007-2 311 08$a0-415-56933-8 320 $aIncludes bibliographical references and index. 327 $aBook Cover; Title; Copyright; Contents; Tables and Figures; Contributors; Acknowledgement; Preface; Part I: China, Africa and international development; 1 Africa and China: A new kind of development partnership; 2 China-Africa relations and the European Union: Ideology, conditionality, realpolitik and what is new in South-South co-operation; 3 China and the geo-political imagination of African 'development'; 4 Chinese soft power, insecurity studies, myopia and fantasy; Part II: Country case study perspectives; 5 The end of abstraction: China's development relations with Sudan 327 $a6 Chinese development co-operation and Africa: The case of Tembisa's Friendship TownPart III: Resource sector perspectives; 7 China's structural demand and commodity prices: Implications for Africa; 8 China's energy diplomacy in Africa: The convergence of national and corporate interests; Part IV: Conclusion: China, Africa and development relations; 9 China, Africa and conceptualising development relations; Index 330 $aChina is among a number of large developing country or new powers on the ascendance in the international system, all of which are deepening their economic relations with Africa However, China is the largest and most powerful of this group. it has sought closer economic relationships with other developing country regions and continents such as Latin America and Central Asia, but it is with Africa - the continent that hosts more developing countries than any other - that China has fostered the closest links.This book provides an overview of how the China - Africa relationship has evolv 410 0$aRoutledge contemporary China series ;$v55. 606 $aInternational relations 606 $aEconomics 607 $aChina$xForeign economic relations$zAfrica 607 $aAfrica$xForeign economic relations$zChina 607 $aChina$xEconomic policy 607 $aAfrica$xEconomic policy 615 0$aInternational relations. 615 0$aEconomics. 676 $a327.5106 676 $a337.5106 701 $aDent$b Christopher M.$f1965-$0146865 801 0$bMiAaPQ 801 1$bMiAaPQ 801 2$bMiAaPQ 906 $aBOOK 912 $a9910968803403321 996 $aChina and Africa development relations$94487934 997 $aUNINA